000 00493nam a2200181Ia 4500
005 20250508150331.0
008 008 250505s9999 xx 000 0 eng d
037 _aTextual
040 _aFEDL
_beng
_cFEDL
041 _aeng
_2eng
084 _a371, HAR
_qFEDL
100 _aHarrison Maurice
_9756425
245 0 _aTeachers made and marred
260 _aLondon, UK
_bSir Isaac Pitman and Sons, Ltd
300 _a72p.
942 _cTEXL
_h371, HAR
999 _c1323050
_d1323050